| 000 | 00533cam a22001691 4500 | ||
|---|---|---|---|
| 082 |
_a330 _bSOU _cL-27,P-67 |
||
| 100 | 1 |
_aBaumol, William J. _96832 |
|
| 245 | 1 | 0 | _aEconomic theory and operations analysis. |
| 260 |
_aEnglewood Cliffs, N.J., _bPrentice Hall _c[1961] |
||
| 300 |
_a438 p. _billus. _c24 cm. |
||
| 526 |
_a0 _b0 _c0 _d330_010000000000000_BAU |
||
| 650 | 0 |
_aEconomics, Mathematical. _99972 |
|
| 650 | 0 |
_aEconomics. _91437 |
|
| 650 | 0 |
_aMathematical analysis. _9198 |
|
| 650 | 0 |
_aOperations research. _97262 |
|
| 942 |
_2ddc _cBK |
||
| 999 |
_c542668 _d542668 |
||